| 000 | 01059nam a2200241 i 4500 | ||
|---|---|---|---|
| 001 | 156822 | ||
| 003 | ES-MaACL | ||
| 005 | 20250819082725.0 | ||
| 008 | 990709s1900 sp |||| | spa d | ||
| 040 |
_aCCPB | B _bspa _cCCPB | B |
||
| 100 | 1 |
_aLabra, Rafael M. de, _d1840-1918 _969273 |
|
| 245 | 1 | 3 |
_aEl partido republicano en España / _cpor Rafael M. de Labra. |
| 260 |
_aMadrid : _b[s.n.], _c1900 ( _fTipografía de Alfredo Alonso) |
||
| 300 |
_a152 p. ; _c21 cm. |
||
| 500 | _a"Discurso pronunciado en el meeting de propaganda republicana verificado en el teatro de los Campos Elíseos de Gijón"--P. [3] | ||
| 530 | _aDisponible en formato digital. | ||
| 594 | _aPrecede al tít.: Problemas del día. | ||
| 650 | 4 |
_aRepublicanismo- _zEspaña. _916856 |
|
| 650 | 0 | 4 |
_aPartidos republicanos- _zEspaña _915873 |
| 852 |
_aES-MaACL _jT-916-F-1 _z-- Enc. hol. _z-- Obsequio del autor _z-- Enc. en un vol. facticio |
||
| 856 |
_uhttp://bdh-rd.bne.es/viewer.vm?id=0000245141&page=1 _zBiblioteca Digital Hispánica |
||
| 999 |
_c156822 _d156822 |
||